000 00427nam a2200169Ia 4500
008 230711s9999||||xx |||||||||||||| ||und||
041 _aENG
082 _a621.3
_bAS-E
100 _aAshok Raj
245 0 _aIntegrated course in Electrical Engineering
250 _a1st Ed.
260 _c1992
_aNew Delhi
_bUmesh Publications
300 _a516
650 _aElectrical Engineering
700 _aHarish C Rai  
942 _cBK
999 _c2159
_d2159